| 000 | 01846nam a2200433 c 4500 | ||
|---|---|---|---|
| 003 | BLK | ||
| 005 | 20230826154050.0 | ||
| 008 | 180408b bul|||||r ||||||| ||bul|| | ||
| 010 | _aKNG00078403000 | ||
| 020 |
_a954-474-418-5 _bиздат.: Кибеа |
||
| 040 | _aBLK | ||
| 041 |
_aBUL _cBUL |
||
| 080 |
_aОткривателски пътешествия. Експедиции _b910.4 _x(45)(092) _z910.4(45)(092) |
||
| 080 |
_aВенециански търговец, пътешественик и откривател _b929 Поло, Марко Николо _x _z929 Поло, Марко Николо |
||
| 100 | 1 |
_aБарба, Нурия _eпърви автор _9296678 |
|
| 700 | 1 |
_aСаломо, Хавиер _eсъавт. _9118606 |
|
| 700 | 1 |
_aШинкова, Жанета Тенева _eпрев. от англ. _9143460 |
|
| 139 |
_aБарба, Нурия и др. _bП 70 |
||
| 245 | 1 | 0 |
_aКазвам се... Марко Поло _cНурия Барба; съавт. Хавиер Саломо; прев. от англ. Жанета Тенева Шинкова. |
| 257 | _aITA | ||
| 260 |
_аСофия _bКибеа _c2006 |
||
| 300 |
_a64 с. _bс цв. ил. _c22 см |
||
| 380 | _aDN | ||
| 490 | 1 | _aКазвам се... | |
| 500 | _aОриг. загл. Me Llamo...Marco Polo / Nuria Barba, Xavier Salomo. | ||
| 600 | 1 | 4 |
_aПоло, Марко Николо _9296679 |
| 650 | 4 |
_aПътешественици _9168581 |
|
| 650 | 4 |
_aПоло, Марко Николо _9296679 |
|
| 651 | 4 |
_aИталия _9178965 |
|
| 653 | _aИталия | ||
| 653 | _aпътешественици | ||
| 653 | _aМарко Поло | ||
| 852 | _aЦб 236214 | ||
| 856 | 4 |
_qpdf _u |
|
| 856 | 4 |
_qpdf _u |
|
| 942 |
_cKNG _n0 _04 |
||
| 944 |
_aCR _c19.10.2007 _lБояна Костадинова _k30551 |
||
| 944 |
_aED _c29.02.2012 _lф / _k |
||
| 999 |
_c74007 _d74007 |
||